| 000 | 01075nam a2200265Ia 4500 | ||
|---|---|---|---|
| 003 | OSt | ||
| 005 | 20250410161614.0 | ||
| 008 | 191128t1997 sp er 000 f spa d | ||
| 020 | _a842413009X | ||
| 040 |
_aCO-JMCR _cCO-JMCR |
||
| 041 | _aspa | ||
| 082 | 0 | 4 |
_aA-N _bCARe |
| 100 | 1 |
_aCarter, Chris, _eautor _96537 |
|
| 245 | 1 | 0 |
_aEva / _cChris Carter ; traducción Alfredo Ramón, María Luisa Rodríguez Pérez |
| 250 | _aPrimera edición | ||
| 260 |
_aEspaña : _bEverest, _c©1997 |
||
| 300 |
_a142 páginas ; _c17 cm. |
||
| 490 | 0 | _aExpedinte X | |
| 500 | _aUna novelización de Ellen Steiber basada en la serie de TV Expediente X. | ||
| 520 | _aDos asesinatos idénticos: uno en la Costa este, el otro en la Oeste. Dos niñas idénticas, que pueden estar o no implicadas. ¿Son estos crímenes exactamente iguales una extraña coincidencia? Los agentes Mulder y Scully no lo creen así. | ||
| 650 | 1 | 4 |
_aNovela policíaca _9214 |
| 700 |
_aRamón, Alfredo, _etraductor _96538 |
||
| 700 |
_aRodríguez Pérez, María Luisa, _etraductora _96539 |
||
| 942 |
_2ddc _cBK |
||
| 999 |
_c3992 _d3992 |
||